Los arquitectos de la república : (Record no. 162042)

MARC details
000 -LEADER
fixed length control field 00744nam a22002057a 4500
005 - DATE AND TIME OF LATEST TRANSACTION
control field 20220517141517.0
008 - FIXED-LENGTH DATA ELEMENTS--GENERAL INFORMATION
fixed length control field 220517b sp ||||| |||| 00| 0 spa d
020 ## - INTERNATIONAL STANDARD BOOK NUMBER
International Standard Book Number 9788496467385
050 04 - LIBRARY OF CONGRESS CALL NUMBER
Classification number HS635
Item number M38 2007
100 1# - MAIN ENTRY--PERSONAL NAME
Personal name Martín, Luis P.
245 10 - TITLE STATEMENT
Title Los arquitectos de la república :
Remainder of title los masones y la política en España,1900-1936
Statement of responsibility, etc / Luis P. Martín
250 ## - EDITION STATEMENT
Edition statement 1a ed.
260 ## - PUBLICATION, DISTRIBUTION, ETC. (IMPRINT)
Place of publication, distribution, etc Madrid, España :
Name of publisher, distributor, etc Marcial Pons,
Date of publication, distribution, etc 2007.
300 ## - PHYSICAL DESCRIPTION
Extent 214 p. :
Dimensions 22 cm.
490 ## - SERIES STATEMENT
Series statement Marcial Pons. / Estudios
504 ## - BIBLIOGRAPHY, ETC. NOTE
Bibliography, etc Incluye referencia bibliográfica (p. [195]-209) e índice.
650 #7 - SUBJECT ADDED ENTRY--TOPICAL TERM
Source of heading or term Lemb
Topical term or geographic name as entry element Masonería
General subdivision Historia
Chronological subdivision Siglo XX
Geographic subdivision España
651 ## - SUBJECT ADDED ENTRY--GEOGRAPHIC NAME
Source of heading or term Lemb
Geographic name España
General subdivision Política y gobierno
Chronological subdivision Siglo XX
942 ## - ADDED ENTRY ELEMENTS (KOHA)
Source of classification or shelving scheme Biblioteca del Cogreso de los Estados Unidos
Koha item type Libro
Holdings
Estado de pérdida Fuente de clasificación Estado del daño No para préstamo Ubicación permanente Ubicación actual Apartado o colección Fecha de adquisición Edición Área del conocimiento Total Checkouts Total Renewals Clasificación Código de Barras Date last seen Date checked out Número de copia Costo por reposición Tipo de recurso
  Biblioteca del Cogreso de los Estados Unidos     Biblioteca del Instituto de Investigaciones Históricas Biblioteca del Instituto de Investigaciones Históricas General 17/05/2022 1a ed. Ciencias Sociales y Administrativas 2 2 HS635 M38 2007 IIH000032596 30/10/2025 02/10/2025 C:1 1.00 Libro